Displacing whiteness : essays in social and cultural criticism
Αποθηκεύτηκε σε:
| Άλλοι συγγραφείς: | |
|---|---|
| Μορφή: | Βιβλίο |
| Γλώσσα: | English |
| Δημοσίευση: |
Durham :
Duke University Press,
1997.
|
| Θέματα: | |
| Ετικέτες: |
Προσθήκη ετικέτας
Δεν υπάρχουν, Καταχωρήστε ετικέτα πρώτοι!
|
MARC
| LEADER | 00000cam a2200000 i 4500 | ||
|---|---|---|---|
| 001 | 1/288 | ||
| 008 | 000403s1997 ncu| ||| |||| ||eng|| | ||
| 020 | |a 0822320215 | ||
| 035 | |l 10059604 | ||
| 040 | |a GR-MyUa |b gre |e AACR2 | ||
| 041 | 0 | |a eng | |
| 082 | 7 | |a 305.8 |2 (22) | |
| 245 | 0 | 0 | |a Displacing whiteness : |b essays in social and cultural criticism / |c edited by Ruth Frankenberg. |
| 260 | |a Durham : |b Duke University Press, |c 1997. | ||
| 300 | |a vi, 360 σ. ; |c 24 εκ. | ||
| 504 | |a Περιλαμβάνει βιβλιογραφικές παραπομπές (σ. [333]-348) και ευρετήριο. | ||
| 650 | 0 | 0 | |a Eurocentrism. |
| 650 | 0 | 0 | |a Whites |x Attitudes. |
| 650 | 0 | 0 | |a Racism. |
| 700 | 1 | |a Frankenberg, Ruth, |e edtf | |
| 852 | |a INST |b LESVOS |e 20000403 |h 305.8 DIS |p 005100020231 |q 005100020231 |t BK |y 0 | ||
| 901 | |a BIBL1-2000-1 | ||
| 922 | |a 1ΕΛΗ |b 200003 |c ΚΠΣ/ΤΚΑ |d ΠΑΠΑΣΩΤΗΡΙΟΥ | ||
| 950 | |a 117-1999-11-26 | ||
| 970 | |a ΤΖΑΦΕΡΗ |b ΕΥΑΓΓΕΛΙΑ |z 2000/04/20 | ||